Les villes de la côte belge - Statistiques

Statistiques générales
  • Ce quiz a été pris 118 fois
  • Le résultat moyen est 6 sur 19
Statistiques - réponses
Réponse % Correct
Ostende
91%
La Panne
70%
Coxyde-Bains
47%
Blankenberghe
42%
Le Coq
41%
Middelkerke
41%
Nieuport
41%
Knocke-Heist
40%
Zeebruges
38%
Saint-Idesbald
33%
Westende
29%
Bredene
28%
Knocke-le-Zoute
27%
Ostdunkerque-Bains
27%
Mariakerke
15%
Wenduine
15%
Duinbergen
6%
Raversyde
6%
Lombartzyde
3%
Aucun quiz correspondant
Distribution des résultats
% des personnes avec chaque résultat
Percentile par nombre de réponses
Votre historique - résultats
Vous n’avez pas pris ce quiz